Score 0/25 Timer 07:00
4 Plays Today
% Correct
A plum-ber
90.9%
Boo-berries
90.5%
Because they hang out in bunches
90.3%
Finding half a worm in your apple
90.1%
A crab apple
89.7%
Berry rude
88.2%
Because they cantaloupe
87.9%
He couldn't concentrate
87.8%
A pair of slippers
86.6%
When you're eating a watermelon
86.5%
Massive hands
86.3%
When it's a pineapple
86.2%
A monkey
86.1%
% Correct
Toe jam
84.6%
You've guava be kidding me
84.4%
Push it down the hill
84.3%
A tooty fruity
84%
Because they were in a jam
83.9%
It couldn't find a date
83.6%
It's pit-iful!
82.7%
It wasn't peeling well
80.7%
Take it to a scary movie
80%
She was tired of raisin kids
79.4%
Because the banana split
75.1%
Straw-berries
74.9%
Remove Ads.
Support Sporcle.
Get the best of Sporcle when you Go Orange. This ad-free experience offers more features, more stats, and more fun while also helping to support Sporcle. Thank you for becoming a member.

You're not logged in!

Compare scores with friends on all Sporcle quizzes.
OR
Log In

Show Comments

Extras

Top Quizzes Today


Score Distribution

Your Account Isn't Verified!

In order to create a playlist on Sporcle, you need to verify the email address you used during registration. Go to your Sporcle Settings to finish the process.

Report this User

Report this user for behavior that violates our Community Guidelines.

Details: